[Event "SRB-chT 1st League Women 2018"]
[Site "Zajecar"]
[Date "2018.09.08"]
[Round "9"]
[White "Zarkovic, Mila"]
[Black "Injac, Teodora"]
[Result "1-0"]
[WhiteElo "2185"]
[BlackElo "2241"]
[Annotator "TA"]
[PlyCount "137"]
[EventDate "2018.08.31"]
[EventType "team-tourn"]
[EventCountry "SRB"]
[SourceTitle "playchess.com"]
[Source "ChessBase"]
[SourceQuality "1"]

{[%evp 25,137,0,7,11,18,14,13,-14,-10,-10,-10,-10,46,46,90,61,68,23,87,33,33,46,35,0,97,81,71,87,81,46,167,168,179,145,165,150,206,181,297,306,278,124,118,83,81,82,202,202,180,167,197,225,562,513,433,212,410,412,1288,528,953,955,896,853,718,750,995,1004,838,741,5622,1128,5498,1039,1022,481,29953,29963,29939,6115,29963,29962,10493,6265,29968,1640,7732,5831,29977,29976,29975,29973,29972,29973,29973,29970,29975,29976,29979,29978,29979,29980,29981,29980,29979,29980,29982,29983,29981,29981,12845,3278,29985,29986]} 1. e4 c5 2. Nf3 d6 3. d4 cxd4 4. Nxd4 Nf6 5. Nc3 a6 6. Be2 e5 7. Nb3 Be7 8. O-O Be6 9. Bf3 {B92: Sicilian Najdorf: 6 Be2} O-O 10. Re1 Nbd7 11. a4 Qb8 12. Nd2 Bd8 13. a5 b5 {LiveBook: 4 Games} 14. axb6 Bxb6 15. Nf1 Bd4 16. Nd5 $146 ({Predecessor:} 16. Ne2 Bc5 17. Ne3 {0-1 (77) Golubov,S (2362)-Esen,B (2571) Jerusalem 2015}) 16... Bxd5 (16... Bxb2 $2 17. Nxf6+ Nxf6 18. Rb1 $18) 17. exd5 Qb6 18. Ne3 Bxe3 (18... a5 $11) 19. Rxe3 $14 a5 20. Rb3 Qc7 21. Be3 Nc5 (21... a4 $11 22. Rba3 Qb7) 22. Rb5 ({White should play} 22. Rba3 $16) 22... Nfd7 23. b3 f5 24. g3 f4 (24... a4 $11) 25. gxf4 $16 exf4 26. Bd4 $1 Qd8 27. Kh1 Qh4 (27... Re8 $14) 28. Qg1 $18 {[%csl Gd4][%cal Rg1g7]} g6 29. Rbxa5 Rxa5 30. Rxa5 Re8 (30... Nf6 $16 31. Bxc5 dxc5) 31. Qg4 $1 {[%cal Rg4h4]} Qd8 (31... Qxg4 $142 32. Bxg4 Re4) 32. Ra7 Ne5 33. Qxf4 (33. Bxe5 $18 {is more deadly. Threatening mate with Rg7+.} Rxe5 34. Qxf4) 33... Qb8 $16 34. Bxe5 {[%csl Ga7][%cal Rf4f7]} Qxa7 35. Bxd6 $40 {[%mdl 128] Strongly threatening Kg2. White attacks with force.} Nb7 (35... Nxb3 $16 {might work better.} 36. Kg2 Nd4) 36. Kg2 $18 Nxd6 37. Qxd6 {[%mdl 4096] Endgame KQR-KQB} Qd4 {[#]} 38. c4 $1 Re1 $2 (38... Qh4 39. c5 Kf7 40. Qd7+ Re7) 39. Qd8+ Kg7 40. Qd7+ (40. d6 $142 Qf6 41. Qxf6+ Kxf6 42. c5) 40... Kh8 $2 (40... Kh6 {keeps fighting.} 41. Qf7 Kg5) 41. Qf7 {[%cal Rf7f8]} h6 (41... h5 $142 42. Qxg6 Qg7 43. Bxh5 Qxg6+ 44. Bxg6 Kg7) 42. Qxg6 (42. Qf8+ $142 Kh7 43. d6) 42... Re7 {Threatens to win with ...Rg7.} 43. Qxh6+ Kg8 44. h3 Rg7+ 45. Bg4 $1 Qe4+ 46. Kg3 Qh1 47. Qe6+ Kf8 48. Qf6+ Kg8 49. Qd8+ Kf7 50. Kh4 (50. Qd7+ $142 Kg8 51. Qc8+ Kf7 52. Qf5+ Ke8 53. Qe6+ Kf8 54. Qc8+ Kf7 55. Qf5+ Kg8 56. d6 Qg1+ 57. Kh4) 50... Rh7+ (50... Qe4 $18 51. Qc7+ Kg8 52. Qd8+ Kf7 53. Qd7+ Kg6 54. Qd6+ Kf7 55. Qc7+ Kf6 56. Qd6+ Kf7) 51. Bh5+ Rxh5+ 52. Kxh5 Qxh3+ {KQ-KQ} 53. Kg5 Qg2+ 54. Kf4 Qxf2+ 55. Ke5 (55. Ke4 $142 Qc2+ 56. Ke5 Qh2+ 57. Kd4 Qg1+ 58. Kc3 Qe1+ 59. Kb2 Qe5+ 60. Ka3) 55... Qg3+ 56. Kd4 Qxb3 57. Qd7+ Kf6 58. Qe6+ Kg7 59. d6 Qb6+ 60. Kd5 Qa5+ {[#]} 61. Kc6 $1 Qa6+ 62. Kc7 Qa7+ 63. Kd8 Qb8+ 64. Qc8 Qb2 65. c5 Qf6+ 66. Kc7 Qe5 67. Qd7+ Kh6 68. Qc6 (68. c6 $142 Qa5+ 69. Kb7) 68... Qg3 69. Qd5 {Precision: White = 57%, Black = 25%.} 1-0

[Event "SRB-chT 1st League Women 2018"]
[Site "Zajecar"]
[Date "2018.09.08"]
[Round "9"]
[White "Ostojic, Katarina"]
[Black "Chelushkina, Irina"]
[Result "*"]
[WhiteElo "2134"]
[BlackElo "2280"]
[Annotator "TA"]
[PlyCount "83"]
[EventDate "2018.08.31"]
[EventType "team-tourn"]
[EventCountry "SRB"]
[SourceTitle "playchess.com"]
[Source "ChessBase"]
[SourceQuality "1"]

{[%evp 9,83,55,77,47,42,33,42,39,45,-15,-12,-16,0,-15,-5,-26,7,0,0,0,0,0,40,10,22,0,38,38,33,45,39,43,40,47,37,34,63,39,114,115,117,118,137,0,0,0,118,0,0,0,118,109,125,125,132,118,135,122,122,10,16,12,118,56,56,63,56,56,64,64,64,0,66,0,66,0]} 1. e4 e6 2. d4 d5 3. exd5 Qxd5 4. Nf3 Nf6 5. c4 (5. Be2 c5 6. Nc3 Qd8 7. Be3 cxd4 8. Qxd4 Qxd4 9. Nxd4 a6 10. O-O-O Nbd7 11. g4 Bb4 12. g5 Bxc3 13. gxf6 Bxd4 14. Bxd4 gxf6 {1-0 (45) Ovetchkin,R (2523)-Alekseev,E (2638) Khanty-Mansiysk 2016}) 5... Bb4+ 6. Bd2 {C01: French: Exchange Variation} Bxd2+ 7. Qxd2 Qd6 8. Nc3 O-O 9. c5 $146 ({White should try} 9. Be2 $14) ({Predecessor:} 9. Bd3 c5 10. O-O cxd4 11. Nb5 Qb6 12. c5 Qd8 13. Nbxd4 {1-0 (74) Kjoita,T (1796)-Gyldenas,O (2053) Fagernes 2011}) 9... Qe7 $11 10. Bc4 b6 11. cxb6 axb6 12. O-O Ba6 13. Qe2 Rd8 14. Ne5 Bb7 15. Rad1 Bd5 16. Rfe1 c6 (16... Bxc4 {keeps more tension.} 17. Qxc4 c6 18. a4 Nd5 19. b3 Qd6) 17. Bxd5 exd5 18. Ng4 Qxe2 19. Nxf6+ gxf6 20. Rxe2 ({Much worse is} 20. Nxe2 Rxa2 21. Rb1 Re8 $15) 20... Nd7 21. Re3 Nf8 22. Rf3 Rd6 23. h4 h5 (23... Kg7 $14) 24. Rf5 $16 Kg7 25. Rxh5 Kg6 26. Rh8 Kg7 27. Rh5 Kg6 {[#]} 28. Rh8 ({White has to play} 28. g4 $1 $16) 28... Kg7 $11 29. Rh5 Ne6 {[#]} (29... Kg6 $1 $11 {keeps the balance.} 30. g4 Kg7) 30. Rf5 $1 $16 Kg6 31. Rf3 f5 32. g3 Rdd8 33. Kg2 c5 34. Ne2 (34. dxc5 $16 d4 35. cxb6) 34... Rxa2 $11 35. Rb3 Rd6 (35... Ra6 $1 $11) 36. Nc3 (36. dxc5 $16 Nxc5 37. Rb5) 36... Ra5 $1 $14 37. dxc5 Rxc5 38. Nb5 Rdc6 39. Nd4 Rd6 40. Nb5 Rdc6 41. Nd4 Rd6 $1 42. Nb5 {Precision: White = 43%, Black = 56%.} (42. Rf3 $14) *

[Event "SRB-chT 1st League Women 2018"]
[Site "Zajecar"]
[Date "2018.09.09"]
[Round "10"]
[White "Atalik, Ekaterina"]
[Black "Voiska, Margarita"]
[Result "1-0"]
[WhiteElo "2447"]
[BlackElo "2241"]
[Annotator "TA"]
[PlyCount "84"]
[EventDate "2018.08.31"]
[EventType "team-tourn"]
[EventCountry "SRB"]
[SourceTitle "playchess.com"]
[Source "ChessBase"]
[SourceQuality "1"]

{[%evp 21,84,23,32,15,47,42,36,3,35,42,57,66,53,56,73,7,8,-22,-18,-26,0,-18,0,0,0,0,21,0,0,-2,33,43,45,42,72,41,102,64,86,84,58,68,322,291,962,338,555,336,645,641,1633,1600,1682,1353,1520,1482,1795,1771,1553,1537,29993,29994,29997,29989,29995]} 1. d4 Nf6 2. c4 e6 3. Nc3 Bb4 4. g3 O-O 5. Bg2 d6 6. Qb3 a5 7. Nf3 b6 8. O-O Bxc3 9. Qxc3 Bb7 10. b3 Nbd7 11. Bb2 {E21: Nimzoindisch (4.Sf3)} Ne4 {LiveBook: 3 Partien} (11... Qe7 12. Rad1 Rad8 13. Rfe1 Be4 14. Bh3 c5 15. dxc5 dxc5 16. Qe3 Ba8 17. Nh4 Rfe8 18. f3 Kf8 19. Qf4 Nb8 20. Bxf6 Qxf6 {½-½ (76) Vidit,S (2625)-Korobov,A (2694) Moscow 2015}) 12. Qe3 d5 $146 ({Vorgänger:} 12... Qb8 13. d5 exd5 14. cxd5 Bxd5 15. Ng5 Nef6 16. Nxh7 Kxh7 17. Bxd5 Nxd5 18. Qd3+ f5 19. Qxd5 Nc5 20. Rac1 Qe8 21. Qf3 Qf7 22. Rfd1 Rae8 23. Rd4 Re4 24. Rxe4 Nxe4 25. Qd3 {½-½ (25) Dreev,A (2590)-Kiselev,S (2530) Podolsk 1992}) 13. Rac1 {Weiß steht etwas besser.} a4 14. b4 Nd6 15. Nd2 dxc4 16. Bxb7 Nxb7 17. Nxc4 b5 18. Ne5 ({Besser ist} 18. Na3 $16) 18... Nb6 $11 19. Ba1 Nd6 20. Rc5 f6 21. Nd3 Re8 22. Rfc1 Nbc4 23. Qf3 Ra6 24. Rh5 Rb6 25. Nc5 Nf7 26. Nxa4 Ra6 27. Nc3 ({Schlechter ist} 27. Rxb5 Rxa4 28. Qb3 (28. Rxc4 Nd6 $17) 28... Qa8 $17) 27... c6 28. Rc5 Qa8 (28... Qd7 $14) 29. Rd1 Nfd6 30. e4 Nb7 31. Rh5 Ra3 $2 {[%mdl 8192]} (31... e5 $14) 32. e5 $1 $18 Nd8 $2 {[#]} (32... f5 33. Qxc6 Re7 34. Nxb5 Rxa2) 33. exf6 $2 (33. Rxh7 $1 {[%mdl 512] Weiss will mit Dh5 Matt setzen.} Kxh7 34. Qh5+ Kg8 35. Qxe8+ Kh7 {[#]} 36. d5 $1 {[%mdl 512]} Nxe5 37. dxe6 Nxe6 38. Qxe6 Nf3+ 39. Kf1) 33... Rf8 $2 (33... g6 34. Rc5 Qb7) 34. Rg5 Ra7 $2 (34... Qa7 35. Rd3 g6) 35. Ne4 h6 36. Rg6 Rff7 37. Qg4 Kf8 38. d5 {[%cal Rf6g7]} e5 39. d6 Rad7 40. Nc5 Rxd6 41. Rxd6 Nxd6 42. Bxe5 Ke8 {Precision: Weiß = 46%, Schwarz = 28%.} 1-0

[Event "SRB-chT 1st League Women 2018"]
[Site "Zajecar"]
[Date "2018.09.09"]
[Round "10"]
[White "Badelka, Olga"]
[Black "Rapport, Jovana"]
[Result "1/2-1/2"]
[WhiteElo "2416"]
[BlackElo "2348"]
[Annotator "TA"]
[PlyCount "96"]
[EventDate "2018.08.31"]
[EventType "team-tourn"]
[EventCountry "SRB"]
[SourceTitle "playchess.com"]
[Source "ChessBase"]
[SourceQuality "1"]

{[%evp 10,96,35,33,47,30,27,25,27,14,17,8,24,-4,0,0,0,-13,-11,-12,-16,-23,-29,-75,-78,-76,-75,-96,-94,-103,-115,-98,-108,-129,-128,-122,-118,-125,-70,-72,-73,-60,0,-31,-36,-31,-31,-67,-25,-20,-8,-30,0,0,0,0,0,0,27,0,0,0,0,0,126,114,487,489,489,478,380,177,171,170,164,0,0,0,34,0,0,0,0,0,0,0,0,0,0]} 1. d4 e6 2. c4 b6 3. e4 Bb4+ 4. Bd2 Bxd2+ 5. Qxd2 d5 6. Bd3 {LiveBook: 8 Partien. C01: Französische Verteidigung (Abtauschvariante)} Nc6 7. Ne2 dxe4 8. Bxe4 {Weiß hat minimalen Vorteil.} Bb7 9. Nbc3 Nf6 10. Bf3 Rb8 (10... O-O 11. O-O {½-½ (52) Gelfand,B (2719)-Rapport,R (2692) Palma de Mallorca 2017}) 11. O-O O-O $146 12. Qf4 Ne7 13. Bxb7 Rxb7 14. Rfd1 c6 15. b4 b5 16. c5 a5 17. a3 Ra7 18. Ng3 Ned5 19. Nxd5 Nxd5 20. Qd2 Qa8 21. Rab1 axb4 22. axb4 Ra2 23. Qe1 Qa3 (23... Qa7 $17 24. Ne4 Qa3) 24. Qe5 $15 {und nun wäre Sh5 stark für Weiss.} g6 25. Ne4 Rb2 (25... Qa7 $15) 26. h4 Rxb1 27. Rxb1 h5 28. Ng5 Qd3 (28... Qa2 $5 {[%cal Ra2b1]} 29. Qe1 Ra8 $17) 29. Ra1 Qf5 ({Vergiftet wäre} 29... Nxb4 $2 30. Nxe6 Qd1+ 31. Kh2 $18) 30. Qe1 Qf4 31. Nf3 $1 Qg4 32. Ra3 Ne7 33. g3 f6 34. Re3 Kf7 35. Ra3 Rd8 36. Qe3 Qf5 (36... Kg8 $11) 37. Ra7 $16 Re8 $2 {[%mdl 8192] [#]} (37... Qb1+ $16 {ist eine bessere Chance.} 38. Kg2 Qf5) 38. Nd2 $1 $18 {[%cal Rd2e4] Se4 ist eine echte Drohung.} g5 39. Ne4 Kg6 {beabsichtigt ...gxh4.} 40. Nd6 (40. hxg5 $142 Nd5 41. Qe1) 40... Qb1+ 41. Kg2 Nf5 {[#]} 42. Nxf5 $2 (42. Qf3 $1 $18 Nxd6 43. cxd6 gxh4 44. Qxc6) 42... Qxf5 $11 43. hxg5 $18 {[%mdl 4096] Endspiel KDT-KDT} Qd5+ 44. Kh2 {Droht stark gxf6.} (44. f3 $5 {[%cal Rg5f6]} fxg5 45. Qd3+ Qf5 46. Qxf5+ exf5 47. Ra6 $16) 44... fxg5 {Die Stellung ist ausgeglichen.} 45. Rc7 Rf8 46. Re7 Kf6 47. Rh7 Kg6 48. Re7 Kf6 {Precision: Weiß = 49%, Schwarz = 62%.} 1/2-1/2

[Event "SRB-chT 1st League Women 2018"]
[Site "Zajecar"]
[Date "2018.09.09"]
[Round "10"]
[White "Djukic, Sandra"]
[Black "Gajcin, Marina"]
[Result "1/2-1/2"]
[WhiteElo "2162"]
[BlackElo "2228"]
[Annotator "TA"]
[PlyCount "62"]
[EventDate "2018.08.31"]
[EventType "team-tourn"]
[EventCountry "SRB"]
[SourceTitle "playchess.com"]
[Source "ChessBase"]
[SourceQuality "1"]

{[%evp 21,62,63,69,34,52,55,55,47,57,46,39,35,39,23,32,44,58,60,40,0,75,72,111,21,27,14,17,15,64,20,30,13,13,13,64,64,72,16,27,18,54,30,24]} 1. d4 Nf6 2. c4 g6 3. Nc3 d5 4. cxd5 Nxd5 5. e4 Nb6 6. Be3 Bg7 7. Bb5+ c6 8. Be2 O-O 9. h3 Be6 10. Nf3 Bc4 11. O-O N8d7 {LiveBook: 5 Partien. D85: Grünfeldindisch (Abtauschvariante, 7.Sf3 bzw nicht 7.Lc4)} 12. Qc2 $146 ({Vorgänger:} 12. Rc1 h6 13. b3 Bxe2 14. Qxe2 e6 15. a4 a5 16. Rfd1 Qe7 17. Ne1 Kh7 18. Nd3 f5 19. f3 {1-0 (42) Malaniuk,V (2563)-Mitter,G (2205) Feffernitz 2009}) 12... Bxe2 13. Nxe2 e5 {Weiß steht etwas besser.} 14. dxe5 Nxe5 15. Nxe5 Bxe5 16. f4 Bg7 17. Rad1 Qf6 18. b3 Rfe8 19. e5 Qe6 20. Rd6 Qc8 (20... Qxd6 $1 $11 {bleibt in der Remisbreite.} 21. exd6 Rxe3) 21. Nc3 $16 Re6 {Schwarz plant ...Txd6.} 22. Rfd1 (22. Rd3 $16) 22... Rxd6 $11 23. Rxd6 Bf8 24. Rd1 Qe6 25. a4 Bb4 26. Bxb6 axb6 27. Ne4 Kg7 (27... Be7 $1 $11) 28. Ng5 Qe7 29. Qe4 ({Günstiger ist} 29. Qd3 $16) 29... Bc5+ 30. Kh2 Re8 31. Qd3 f6 {Precision: Weiß = 41%, Schwarz = 44%.} 1/2-1/2

[Event "SRB-chT 1st League Women 2018"]
[Site "Zajecar"]
[Date "2018.09.09"]
[Round "10"]
[White "Srdanovic, Jovana"]
[Black "Zimina, Olga"]
[Result "0-1"]
[WhiteElo "2149"]
[BlackElo "2421"]
[Annotator "TA"]
[PlyCount "113"]
[EventDate "2018.08.31"]
[EventType "team-tourn"]
[EventCountry "SRB"]
[SourceTitle "playchess.com"]
[Source "ChessBase"]
[SourceQuality "1"]

{[%evp 12,113,-14,-5,0,0,0,-7,34,0,0,-27,-23,-28,-30,-35,-26,-33,-32,-32,-30,-30,-31,-47,-52,-46,-33,-41,-36,-52,-46,-33,-33,-39,-6,-18,37,0,0,-18,-10,-19,-14,-12,-14,-36,-36,-59,-48,-55,-31,-38,-43,-44,-41,-49,-37,-44,-41,-45,-9,-12,-16,-50,-50,-56,-43,-45,-53,-79,-56,-61,-60,-64,-65,-60,-57,-64,-60,-83,-81,-88,-79,-83,0,-60,0,-95,-47,-50,-51,-51,-51,-68,-68,-412,-440,-455,-450,-526,-497,-643,-629,-616]} 1. d4 Nf6 2. Nf3 d5 3. c4 c6 4. cxd5 cxd5 5. Nc3 Nc6 6. Bg5 Ne4 7. Bf4 {LiveBook: 14 Games} Qa5 {D13: Slav Defence: Exchange variation without ...Bf5} (7... e6 8. Rc1 Qa5 9. Bd2 Nxd2 10. Qxd2 Bd6 11. e3 Bd7 12. Bd3 O-O 13. O-O Rfc8 14. e4 dxe4 15. Bxe4 Qh5 {1-0 (35) Matuszewski,M (2485)-Vovk,Y (2600) Poland 2017}) 8. Qb3 e6 9. e3 Qb4 $146 {The position is equal.} ({Predecessor:} 9... Be7 10. h3 a6 11. Bd3 Nxc3 12. bxc3 b5 13. O-O O-O 14. a4 b4 15. Rfc1 {½-½ (29) Popovic,P (2268)-Necevski,A (2327) Vrnjacka Banja 2009}) 10. Nd2 Nxd2 11. Kxd2 Qxb3 12. axb3 Bd7 13. h4 Bb4 14. Bd3 O-O 15. Ke2 f6 16. Bg3 Na5 17. Bd6 Bxd6 18. Rxa5 Bb4 19. Raa1 Rfc8 20. Na2 Be7 (20... Bd6 {feels hotter.} 21. Nc3 a6 22. g4 Be8 23. Na4 Rc6) 21. Nc3 Be8 22. Rhc1 Bf7 23. Na4 g6 (23... Bd6 $11) 24. Bb5 Bd6 25. g3 e5 {[%cal Be6e5,Be5e4][%mdl 32]} 26. Bd7 Rd8 27. Bh3 Re8 {...exd4 is the strong threat.} 28. Kf3 Kg7 29. Rc2 h6 30. Rac1 e4+ 31. Ke2 f5 {[#]} 32. h5 $1 {[%mdl 512]} Kf6 (32... gxh5 33. Bxf5) 33. hxg6 Kxg6 34. Nc5 Re7 35. Na4 Be8 36. Nc3 Bc6 37. Rh1 Rh7 38. Rcc1 h5 39. Rcg1 Rah8 40. Kd1 {[#]} h4 $1 {[%mdl 512]} 41. gxh4+ Kf6 42. Bf1 a6 43. Be2 Rxh4 44. Rxh4 Rxh4 45. f3 Rh3 46. Rf1 Kg5 47. Rg1+ Kf6 48. Rf1 $1 Rh4 49. Rg1 Bf8 50. f4 Rh2 51. Rg8 Bb4 52. Rg1 Ba5 53. Nb1 $2 {[%mdl 8192]} (53. Rg5 $15) 53... Rh3 $19 54. Nc3 {If only White now had time for Kd2....Black is clearly winning.} Rxe3 55. Kd2 Rh3 56. Rg8 Bc7 57. Rf8+ {Precision: White = 50%, Black = 69%.} 0-1

[Event "SRB-chT 1st League Women 2018"]
[Site "Zajecar"]
[Date "2018.09.09"]
[Round "10"]
[White "Kovacevic, Radmila"]
[Black "Salimova, Nurgyul"]
[Result "0-1"]
[WhiteElo "2144"]
[BlackElo "2352"]
[Annotator "ChessBase"]
[PlyCount "109"]
[EventDate "2018.08.31"]
[EventType "team-tourn"]
[EventCountry "SRB"]
[SourceTitle "playchess.com"]
[Source "ChessBase"]
[SourceQuality "1"]
[TimeControl "40/5400+30:1800+30"]

1. e4 {[%emt 0:00:00]} e5 {[%emt 0:00:00]} 2. d4 {[%emt 0:00:39]} exd4 {[%emt 0:00:00]} 3. Qxd4 {[%emt 0:00:13]} Nc6 {[%emt 0:00:19]} 4. Qe3 {[%emt 0:00:07]} Nf6 {[%emt 0:00:44]} 5. Bd2 {[%emt 0:00:16]} Bb4 {[%emt 0:00:31]} 6. c3 {[%emt 0:00:17]} Be7 {[%emt 0:00:11]} 7. c4 {[%emt 0:00:18]} O-O {[%emt 0:01:01]} 8. Nc3 {[%emt 0:00:11]} Ng4 {[%emt 0:00:46]} 9. Qe2 {[%emt 0:04:41]} d5 {[%emt 0:01:00]} 10. Nxd5 {[%emt 0:29:29]} Bc5 {[%emt 0:19:50]} 11. Be3 {[%emt 0:04:56]} Nxe3 {[%emt 0:05:14]} 12. fxe3 {[%emt 0:00:07]} Qh4+ {[%emt 0:14:23]} 13. g3 {[%emt 0:00:28]} Qxe4 {[%emt 0:00:31]} 14. Bg2 {[%emt 0:00:05]} Qg6 {[%emt 0:00:58]} 15. Nf3 {[%emt 0:01:32]} Nb4 {[%emt 0:08:59]} 16. Nh4 {[%emt 0:16:23]} Qd6 {[%emt 0:04:51]} 17. O-O {[%emt 0:06:26]} Nxd5 {[%emt 0:04:11]} 18. Bxd5 {[%emt 0:00:22]} c6 {[%emt 0:02:40]} 19. Be4 {[%emt 0:01:41]} g6 {[%emt 0:04:08]} 20. Kh1 {[%emt 0:03:45]} Be6 {[%emt 0:02:52]} 21. Bd3 {[%emt 0:05:18]} Rad8 {[%emt 0:02:23]} 22. Rad1 {[%emt 0:00:42]} Qe5 {[%emt 0:00:40]} 23. Ng2 {[%emt 0:06:55]} h5 {[%emt 0:02:27]} 24. Qc2 {[%emt 0:02:32]} Bg4 {[%emt 0:02:50]} 25. Rb1 {[%emt 0:00:50]} Kg7 {[%emt 0:03:14]} 26. b4 {[%emt 0:02:19]} Be7 {[%emt 0:00:57]} 27. Rf4 {[%emt 0:04:35]} Rd7 {[%emt 0:08:25]} 28. Rbf1 {[%emt 0:02:05]} Bg5 {[%emt 0:01:57]} 29. Re4 {[%emt 0:00:12]} Qd6 {[%emt 0:01:05]} 30. Rd4 {[%emt 0:03:13]} Qxb4 {[%emt 0:01:00]} 31. Rxd7 {[%emt 0:00:08]} Bxd7 {[%emt 0:00:06]} 32. Rb1 {[%emt 0:00:09]} Qd6 {[%emt 0:02:15]} 33. Rxb7 {[%emt 0:00:10]} Bc8 {[%emt 0:01:57]} 34. c5 {[%emt 0:02:01]} Qd5 {[%emt 0:01:34]} 35. Rxa7 {[%emt 0:00:51]} Rd8 {[%emt 0:00:45]} 36. h4 {[%emt 0:01:57]} Bxe3 {[%emt 0:01:38]} 37. Kh2 {[%emt 0:01:10]} Qxd3 {[%emt 0:00:44]} 38. Qxd3 {[%emt 0:00:55]} Rxd3 {[%emt 0:00:07]} 39. Rc7 {[%emt 0:00:03]} Be6 {[%emt 0:01:01]} 40. Nxe3 {[%emt 0:00:00]} Rxe3 {[%emt 0:00:00]} 41. Rxc6 {[%emt 0:00:51]} Re2+ {[%emt 0:00:23]} 42. Kg1 {[%emt 0:02:44]} Rxa2 {[%emt 0:00:17]} 43. Rd6 {[%emt 0:00:42]} Rc2 {[%emt 0:00:09]} 44. c6 {[%emt 0:01:48]} Kf6 {[%emt 0:00:09]} 45. Rd3 {[%emt 0:00:09]} Rxc6 {[%emt 0:00:08]} 46. Kf2 {[%emt 0:00:22]} Rc2+ {[%emt 0:00:22]} 47. Ke3 {[%emt 0:00:24]} g5 {[%emt 0:00:10]} 48. hxg5+ {[%emt 0:00:32]} Kxg5 {[%emt 0:00:06]} 49. Rd8 {[%emt 0:00:33]} Bg4 {[%emt 0:00:30]} 50. Rg8+ {[%emt 0:01:10]} Kf5 {[%emt 0:00:27]} 51. Ra8 {[%emt 0:00:20]} Re2+ {[%emt 0:00:11]} 52. Kd3 {[%emt 0:00:04]} Rg2 {[%emt 0:00:09]} 53. Ra5+ {[%emt 0:00:10]} Kg6 {[%emt 0:00:01]} 54. Ra6+ {[%emt 0:00:25]} f6 {[%emt 0:00:01]} 55. Kd4 0-1